Freedom from the past (Record no. 91305)
[ view plain ]
| 000 -LEADER | |
|---|---|
| fixed length control field | 00411nam a22001457a 4500 |
| 005 - DATE AND TIME OF LATEST TRANSACTION | |
| control field | 20150206165931.0 |
| 008 - FIXED-LENGTH DATA ELEMENTS--GENERAL INFORMATION | |
| fixed length control field | 150206b xxu||||| |||| 00| 0 eng d |
| 040 ## - CATALOGING SOURCE | |
| Original cataloging agency | dpl |
| 245 04 - TITLE STATEMENT | |
| Title | Freedom from the past |
| 260 ## - PUBLICATION, DISTRIBUTION, ETC. (IMPRINT) | |
| Place of publication, distribution, etc | Puducherry |
| Name of publisher, distributor, etc | Sri Aurobindo Society |
| 300 ## - PHYSICAL DESCRIPTION | |
| Extent | v : |
| Dimensions | 20cm |
| 310 ## - CURRENT PUBLICATION FREQUENCY | |
| Current publication frequency | Monthly |
| 270 ## - ADDRESS | |
| Address | 11 Saint Martin Street, |
| City | Puducherry |
| Country | India |
| Postal code | 605001 |
| Electronic mail address | info@aurosociety.org |
| 942 ## - ADDED ENTRY ELEMENTS (KOHA) | |
| Source of classification or shelving scheme | Dewey Decimal Classification |
| Item type | Periodicals |
| Serial record | 1 |
| Withdrawn status | Lost status | Source of classification or shelving scheme | Damaged status | Not for loan | Collection code | Home library | Current library | Date acquired | Total Checkouts | Date last seen | Price effective from | Koha item type |
|---|---|---|---|---|---|---|---|---|---|---|---|---|
| Dewey Decimal Classification | Not For Loan | Non-fiction | D.B.Act.Division | D.B.Act.Division | 06/02/2015 | 06/02/2015 | 06/02/2015 | Periodicals |
